000 00923nam a2200133Ia 4500
008 151213s9999 xx 000 0 und d
100 _aগণ প্র্রজাতন্ত্রী বাংলাদেশ সরকার : আইন,বিচার ও সংসদ বিষয়ক মন্ত্রণ্লায়।
245 _aগণ প্রজাতন্ত্রী বাংলাদেশ সংবিধান্ ।
_cগণ প্র্রজাতন্ত্রী বাংলাদেশ সরকার : আইন,বিচার ও সংসদ বিষয়ক মন্ত্রণ্লায়।
300 _a2584 p.
650 _aLaw
650 _aLaw
700 _aগণ প্র্রজাতন্ত্রী বাংলাদেশ সরকার : আইন,বিচার ও সংসদ বিষয়ক মন্ত্রণ্লায়।
999 _c1729
_d1729